000 00364 a2200157 4500
001 194579
020 _a978-85-61167-57-8
040 _cMagnum
100 _aAUAD, Pedro Kalil
240 1 0 _aO menino que queria virar vento.
_lpor
245 1 0 _aO menino que queria virar vento.
300 _a64
362 0 _a2012
697 _aLITERATURA INFANTO
942 _cBK
999 _c194579
_d194579